Sejmik ziem lwowskiej, przemyskiej i sanockiej w Sądowej Wiszni za panowania Wazów (1587-1668)
| Titel: | Sejmik ziem lwowskiej, przemyskiej i sanockiej w Sądowej Wiszni za panowania Wazów (1587-1668) / Andrzej Król |
|---|---|
| Verfasser: | |
| Körperschaft: | |
| Ausgabe: | Wydanie drugie, uzupełnione |
| Veröffentlicht: | Przemyśl : Muzeum Narodowe Ziemi Przemyskiej, 2023 |
| Umfang: | 464 Seiten : Illustrationen |
| Format: | Buch |
| Sprache: | Polnisch |
| RVK-Notation: | |
| ISBN: | 9788366840324 |
| Hinweise zum Inhalt: |
Inhaltsverzeichnis
Buch Bibliographie Cover |
alg: 51786885 001A $00026:06-05-24 001B $03025:17-12-25 $t10:43:40.000 001D $00026:06-05-24 001U $0utf8 001X $00 002@ $0Aau 002C $aText $btxt $2rdacontent 002D $aohne Hilfsmittel zu benutzen $bn $2rdamedia 002E $aBand $bnc $2rdacarrier 003@ $0517868857 003O $01417749769 $aOCoLC 004A $A978-83-66840-32-4 007A $0517868857 $aHEB 009P $qapplication/pdf $A2 $3Inhaltsverzeichnis $uhttp://scans.hebis.de/HEBCGI/show.pl?51786885_toc.pdf $mV:DE-603;B:DE-26 009P $qapplication/pdf $A2 $3Buch Bibliographie $uhttp://scans.hebis.de/HEBCGI/show.pl?51786885_bib.pdf $mV:DE-603;B:DE-Mb50 009P $qapplication/pdf $A2 $3Cover $uhttp://scans.hebis.de/HEBCGI/show.pl?51786885_cov.pdf $mV:DE-603;B:DE-Mb50 010@ $apol 010E $erda 011@ $a2023 021A $aSejmik ziem lwowskiej, przemyskiej i sanockiej w Sądowej Wiszni za panowania Wazów (1587-1668) $hAndrzej Król 028A $BVerfasser $4aut $71165793466 $8Król, Andrzej$Z1988- [Tp3] $9435372130 029F $BHerausgebendes Organ $RMuzeum Okre̜gowe $#Muzeum Narodowe Ziemi Przemyskiej $#MNZP $#National Museum of the Przemyśl Land $#National Museum Przemyśl $#Nationalmuseum der Region Przemyśl $4isb $71098127-5 $8Muzeum Narodowe Ziemi Przemyskiej w Przemyślu [Tb1] $9042329612 032@ $aWydanie drugie, uzupełnione 033A $pPrzemyśl $nMuzeum Narodowe Ziemi Przemyskiej 034D $a464 Seiten 034M $aIllustrationen 037A $aQuellen- und Literaturverzeichnis: Seite 433-461 044K $#Ziemia przemyska $#Przemyśl ziemia $#Przemyśler Land $74443972-6 $8Przemyśl$zRegion [Tg1] $9088794342 044K $#Ziemia sanocka $#Sanok ziemia $#Sanoker Land $74451371-9 $8Sanok$zRegion [Tg1] $9088848000 044K $#Lemberg (Region) $#Lʹvivscyna $74281107-7 $8Lemberg$zRegion [Tg1] $9086518429 044K $#Provinziallandtag $74672085-6 $8Sejmik [Ts1] $9103189076 045F $a351.09 $eDDC23BSB 045F/01 $a351.09 045F/03 $f09031 045F/03 $f09032 045F/03 $g438 045F/03 $g4793 045Z $8NT 6900 [Tkv] $9410940755 lok: 51786885 24 exp: 51786885 24 1 #EPN 201B/01 $019-09-24 $t11:58:07.000 201C/01 $012-08-24 201U/01 $0utf8 203@/01 $01268828238 208@/01 $a19-09-24 $bz 209A/01 $a24.05180 $du $f050 $h24 05180 $x00 209C/01 $a24.05180 K $h24 05180 K 209G/01 $a74893171 $x00 220C/01 $ahae 247C/01 $8358050-7Marburg, Bibliothek des Herder-Instituts Marburg $9102600961 lok: 51786885 78 exp: 51786885 78 1 #EPN 201B/01 $017-12-25 $t10:43:40.000 201C/01 $017-12-25 201U/01 $0utf8 203@/01 $01329656709 208@/01 $a17-12-25 $be 209A/01 $a/ $f000 $x00 209A/01 $ab*p $x01 220C/01 $apgar 244Z/01 $#Generalgouvernement Polen $#Polska $#Rzeczpospolita Polska $#Polska Rzeczpospolita Ludowa $#Poland $#Pologne $#République Polonaise $#Generalne Gubernatorstwo w Polsce $#Polish People's Republic $#Polska Rzeczpospolita Polen $#PRL $#RP $#Polen Generalgouvernement $#Polska Generalgouvernement $#Besetzte Polnische Gebiete $#Besetztes Gebiet in Polen $#Okupowane Polskie Obszary $#Obszary Okupowane w Polsce $#Volksrepublik Polen $#Polska Rosyjska $#Republic Polen $#Respublika Pol'ša $#Pol'skaja Narodnaja Respublika $#République de Pologne $#Polen Links der Weichsel $#Polska po Lewej Stronie Wisły $#Lenkija $#Polija $#Gubernija Carstva Pol'skago $#Republik Polen $74046496-9 $8--Tg1--Polen $x01 $9085129801 247C/01 $82080>Marburg/Lahn, Herder-Institut, Forschungsbibliothek, Bibliographieportal $9336309341 lok: 51786885 204 exp: 51786885 204 1 #EPN 201B/01 $022-05-24 $t14:15:01.000 201C/01 $006-11-18 201U/01 $0utf8 203@/01 $01034039873 208@/01 $a22-05-24 $bzUB 209A/01 $a000 NT 6900 K93(2) $du $f000 $x00 209G/01 $a64807048 $x00 245S/01 $a10200 $x01 247C/01 $8631000-x <26>Gießen, Universität Gießen, Universitätsbibliothek Gießen $9102596697
| LEADER | 00000cam a2200000 c 4500 | ||
|---|---|---|---|
| 001 | 517868857 | ||
| 003 | DE-603 | ||
| 005 | 20251217104340.0 | ||
| 007 | tu | ||
| 008 | 240506s2023 xx |||| | u00||u|pol c | ||
| 020 | |a 9788366840324 | ||
| 035 | |a (DE-599)HEB517868857 | ||
| 035 | |a (OCoLC)1417749769 | ||
| 040 | |a DE-603 |b ger |c DE-603 |d DE-603 |e rda | ||
| 041 | |a pol | ||
| 082 | 0 | 4 | |8 1\u |a 351.09 |q DE-101 |2 23/BSB |
| 084 | |a NT 6900 |0 (DE-625)131090: |0 (DE-603)410940755 |2 rvk | ||
| 085 | |8 1\u |b 351.09 | ||
| 085 | |8 1\u |z 1 |s 09031 | ||
| 085 | |8 1\u |z 1 |s 09032 | ||
| 085 | |8 1\u |z 2 |s 438 | ||
| 085 | |8 1\u |z 2 |s 4793 | ||
| 100 | 1 | |a Król, Andrzej |d 1988- |e Verfasser |4 aut |0 (DE-603)435372130 |0 (DE-588)1165793466 |2 gnd | |
| 245 | 0 | 0 | |a Sejmik ziem lwowskiej, przemyskiej i sanockiej w Sądowej Wiszni za panowania Wazów (1587-1668) |c Andrzej Król |
| 250 | |a Wydanie drugie, uzupełnione | ||
| 264 | 1 | |a Przemyśl |b Muzeum Narodowe Ziemi Przemyskiej |c 2023 | |
| 300 | |a 464 Seiten |b Illustrationen | ||
| 336 | |a Text |b txt |2 rdacontent | ||
| 337 | |a ohne Hilfsmittel zu benutzen |b n |2 rdamedia | ||
| 338 | |a Band |b nc |2 rdacarrier | ||
| 500 | |a Quellen- und Literaturverzeichnis: Seite 433-461 | ||
| 650 | 7 | |a Sejmik |0 (DE-588)4672085-6 |0 (DE-603)103189076 |2 gnd | |
| 651 | 7 | |a Przemyśl |0 (DE-588)4443972-6 |0 (DE-603)088794342 |2 gnd | |
| 651 | 7 | |a Sanok |0 (DE-588)4451371-9 |0 (DE-603)088848000 |2 gnd | |
| 651 | 7 | |a Lemberg |0 (DE-588)4281107-7 |0 (DE-603)086518429 |2 gnd | |
| 710 | 2 | |a Muzeum Narodowe Ziemi Przemyskiej w Przemyślu |e Herausgebendes Organ |4 isb |0 (DE-603)042329612 |0 (DE-588)1098127-5 |2 gnd | |
| 856 | 4 | 2 | |m V:DE-603;B:DE-26 |q application/pdf |u http://scans.hebis.de/HEBCGI/show.pl?51786885_toc.pdf |3 Inhaltsverzeichnis |
| 856 | 4 | 2 | |m V:DE-603;B:DE-Mb50 |q application/pdf |u http://scans.hebis.de/HEBCGI/show.pl?51786885_bib.pdf |3 Buch Bibliographie |
| 856 | 4 | 2 | |m V:DE-603;B:DE-Mb50 |q application/pdf |u http://scans.hebis.de/HEBCGI/show.pl?51786885_cov.pdf |3 Cover |
| 924 | 0 | |9 Mb 50 |a (DE-603)1268828238 |b DE-Mb50 |c HES |d c |g 24.05180 | |
| 924 | 0 | |9 2080 |a (DE-603)1329656709 |b DE-2080 |c HES |d d |g / | |
| 924 | 0 | |9 26 |a (DE-603)1034039873 |b DE-26 |c HES |d c |g 000 NT 6900 K93(2) | |


